000 00787nam a2200277Ia 4500
003 OSt
005 20221007122442.0
006 a|||||r|||| 00| 0
007 ta
008 221006b |||||||| |||| 00| 0 eng d
020 _a9780521877602 (hbd)
024 _a96438
037 _cTextbook
040 _aPAPL
_cPAPL
_beng
041 _2eng
_aeng
082 _aCN1, Q0 Carpa
100 _aDesai Bipin
_9714386
245 0 _aQuantum mechanics with basic field theory
260 _aCambridge
_bCambridge University Press
_c2010
300 _axix, 838p.
_ccm.
500 _aBibliography 825-827p.; Index 828-838p.
650 _a Quantum mechanics
650 _aPhysics
942 _hCN1, Q0 Carpa
_cTB
_2CC
999 _c1210373
_d1210373